[Event "Tournoi francophone 016 Groupe D"]
[Site "Skype"]
[Date "????.??.??"]
[Round "6.3"]
[White "Duthoit, Bernard"]
[Black "Farfallini, Michel"]
[Result "1-0"]
[WhiteElo "1338"]
[BlackElo "1446"]
[PlyCount "85"]

1. e4 e5 2. Nf3 Nc6 3. Bc4 Nf6 4. Nc3 Be7 5. d4 d6 6. dxe5 dxe5 7. Qxd8+ Bxd8
8. Bb5 Bd7 9. O-O O-O 10. Bg5 Re8 11. Bh4 a6 12. Ba4 b5 13. Bb3 Be6 14. Bxe6
Rxe6 15. Bxf6 Bxf6 16. Nd5 Bd8 17. c3 Na5 18. Ne3 c6 19. b4 Nb7 20. c4 Nd6 21.
cxb5 axb5 22. Nd2 Bc7 23. Rfc1 Ne8 24. f3 Bb6 25. Kf2 Rd6 26. Ke2 Bd4 27. Nf5
Rf6 28. Nxd4 exd4 29. g3 Ra3 30. Nb3 Rd6 31. e5 Re6 32. f4 f6 33. Kd3 fxe5 34.
fxe5 Rxe5 35. Kxd4 Rd5+ 36. Ke3 Nd6 37. Rxc6 Nc4+ 38. Ke4 Rd2 39. Nxd2 Nxd2+
40. Ke5 Re3+ 41. Kd5 Rd3+ 42. Kc5 Ra3 43. Kxb5 1-0

[Event "Tournoi francophone 016 Groupe D"]
[Site "Skype"]
[Date "????.??.??"]
[Round "6.4"]
[White "L'Herbon De Lussats, Jean"]
[Black "De Coninck, Philippe"]
[Result "0-1"]
[WhiteElo "1256"]
[BlackElo "1173"]
[PlyCount "98"]

1. d4 e5 2. e4 exd4 3. Qxd4 Nc6 4. Qd1 Nf6 5. Bd3 Bc5 6. Nf3 d6 7. O-O Bg4 8.
Re1 Ne5 9. Nbd2 Qe7 10. a3 Bxf3 11. Nxf3 O-O-O 12. b4 Bb6 13. Bb2 Nxf3+ 14.
Qxf3 Rhg8 15. c4 Nd7 16. Qh3 h6 17. e5 dxe5 18. c5 Kb8 19. cxb6 Nxb6 20. Rxe5
Qd6 21. Re3 Nd5 22. Rf3 Nf4 23. Rxf4 Qxf4 24. Bf1 f6 25. g3 Qf3 26. Re1 Rd2 27.
Qg2 Qxg2+ 28. Kxg2 Rxb2 29. Re7 Ra2 30. Re3 Rc2 31. Bd3 Rb2 32. Bc4 Rd8 33. h4
a6 34. Bd3 Rb3 35. Bg6 Rxe3 36. fxe3 Rd2+ 37. Kf3 Ra2 38. g4 Rxa3 39. Kf4 Ra4
40. e4 Rxb4 41. g5 hxg5+ 42. hxg5 fxg5+ 43. Kxg5 Rb5+ 44. Bf5 Re5 45. Kg6 c5
46. Kxg7 Kc7 47. Kf6 Kd6 48. Kg5 c4 49. Kg4 c3 0-1

[Event "Tournoi francophone 016 Groupe D"]
[Site "Skype"]
[Date "????.??.??"]
[Round "6.5"]
[White "Vello, Pablo"]
[Black "Scata, Laura"]
[Result "1/2-1/2"]
[WhiteElo "1135"]
[BlackElo "1366"]
[PlyCount "83"]

1. d4 c6 2. Nc3 d5 3. Bf4 Nf6 4. e3 Bg4 5. f3 Bf5 6. g4 Bg6 7. h4 h6 8. h5 Bh7
9. Bd3 Bxd3 10. Qxd3 e6 11. Qd2 Bd6 12. Qh2 Bxf4 13. Qxf4 Qb6 14. O-O-O Nbd7
15. Nge2 O-O-O 16. Na4 Qc7 17. Qxc7+ Kxc7 18. Ng3 b5 19. Nc3 Nb6 20. b3 a5 21.
e4 b4 22. Na4 Nxa4 23. bxa4 dxe4 24. Nxe4 Nxe4 25. fxe4 Rd7 26. Rh2 Rhd8 27.
Rhd2 c5 28. dxc5 Rxd2 29. Rxd2 Rxd2 30. Kxd2 Kc6 31. Kd3 Kxc5 32. c3 e5 33.
cxb4+ Kxb4 34. Kc2 Kxa4 35. Kc3 Kb5 36. a3 f6 37. Kb3 a4+ 38. Kc3 Kc5 39. Kd3
Kb5 40. Kc3 Kc5 41. Kd3 Kb5 42. Kc3 1/2-1/2

[Event "Tournoi francophone 016 Groupe D"]
[Site "Skype"]
[Date "????.??.??"]
[Round "7.1"]
[White "Scata, Laura"]
[Black "Vasquez Cienfuegos, Oscar"]
[Result "1/2-1/2"]
[WhiteElo "1366"]
[BlackElo "1392"]
[PlyCount "49"]

1. d4 d5 2. Bf4 Bf5 3. e3 c6 4. c3 Nf6 5. Bd3 Bxd3 6. Qxd3 e6 7. Nd2 Bd6 8.
Bxd6 Qxd6 9. Ngf3 Nbd7 10. O-O O-O 11. e4 dxe4 12. Nxe4 Nxe4 13. Qxe4 Nf6 14.
Qe5 Rad8 15. Qxd6 Rxd6 16. Ne5 c5 17. Nc4 Rd5 18. Ne3 Rd7 19. Rfd1 cxd4 20.
Rxd4 Rxd4 21. cxd4 Re8 22. Rd1 Rd8 23. Kf1 g6 24. Ke2 Kf8 25. h3 1/2-1/2

[Event "Tournoi francophone 016 Groupe D"]
[Site "Skype"]
[Date "????.??.??"]
[Round "7.2"]
[White "De Coninck, Philippe"]
[Black "Vello, Pablo"]
[Result "0-1"]
[WhiteElo "1173"]
[BlackElo "1135"]
[PlyCount "40"]

1. e4 e6 2. d4 d5 3. e5 c5 4. c3 Qb6 5. Nf3 Nc6 6. Bd3 Bd7 7. a3 cxd4 8. cxd4
Nge7 9. Bc2 Na5 10. Nbd2 Bb5 11. a4 Ba6 12. Rb1 Nec6 13. Nb3 Nxb3 14. Bxb3 Nb4
15. Bc2 Rc8 16. Bb3 Nd3+ 17. Qxd3 Bxd3 18. Ra1 Qxb3 19. Nd2 Bb4 20. Ra3 Rxc1#
0-1

[Event "Tournoi francophone 016 Groupe D"]
[Site "Skype"]
[Date "????.??.??"]
[Round "7.3"]
[White "Farfallini, Michel"]
[Black "L'Herbon De Lussats, Jean"]
[Result "0-1"]
[WhiteElo "1446"]
[BlackElo "1256"]
[PlyCount "66"]

1. d4 Nf6 2. c4 c6 3. Nf3 d5 4. c5 b6 5. b4 bxc5 6. bxc5 g6 7. Bf4 Nbd7 8. e3
Bg7 9. Bd3 O-O 10. Qc2 Re8 11. Nbd2 Nh5 12. Bg3 Nxg3 13. hxg3 e5 14. e4 exd4
15. Kf1 Bf8 16. Nb3 Ne5 17. Nxe5 Rxe5 18. Nxd4 Qc7 19. Nf3 Re8 20. Ng5 h6 21.
Nf3 a5 22. e5 Ba6 23. Kg1 Bg7 24. Bxg6 fxg6 25. Qxg6 Be2 26. Re1 Bxf3 27. gxf3
Rxe5 28. Re3 Rae8 29. Rxh6 Kf8 30. Qd6+ Qxd6 31. cxd6 Bxh6 32. Rxe5 Rxe5 33. d7
Ke7 0-1

[Event "Tournoi francophone 016 Groupe D"]
[Site "Skype"]
[Date "????.??.??"]
[Round "7.4"]
[White "Guillaume, Mickael"]
[Black "Duthoit, Bernard"]
[Result "1-0"]
[WhiteElo "1106"]
[BlackElo "1338"]
[PlyCount "24"]

1. e4 e6 2. d4 d5 3. c4 dxe4 4. c5 Nc6 5. Be3 Nf6 6. Bc4 Na5 7. Qa4+ Nc6 8. Nd2
Bd7 9. Bb5 a6 10. Bxc6 Bxc6 11. Qc2 Qd6 12. cxd6 Bb5 1-0

[Event "Tournoi francophone 016 Groupe D"]
[Site "Skype"]
[Date "????.??.??"]
[Round "7.5"]
[White "Bucherie, Volcy"]
[Black "Briere, Jean"]
[Result "1-0"]
[WhiteElo "1274"]
[BlackElo "1314"]
[PlyCount "115"]

1. c4 e5 2. e4 Bc5 3. Nf3 Nc6 4. d3 d6 5. a3 a5 6. Be2 Nf6 7. O-O h6 8. Bd2 O-O
9. h3 Bd7 10. Qc1 Kh7 11. Be3 Nd4 12. Bd1 Nxf3+ 13. Bxf3 Bxe3 14. Qxe3 c5 15.
Nc3 a4 16. Nb5 Bxb5 17. cxb5 Qb6 18. d4 cxd4 19. Qd3 Rfc8 20. Rfc1 Nd7 21. b4
g6 22. Bg4 Rxc1+ 23. Rxc1 Nf6 24. Rc8 Rxc8 25. Bxc8 Kg7 26. Kf1 Qc7 27. Bg4 Qc3
28. Ke2 b6 29. Bf3 h5 30. g4 Qxd3+ 31. Kxd3 hxg4 32. hxg4 g5 33. Bd1 d5 34. f3
dxe4+ 35. fxe4 Kf8 36. Bf3 Ke7 37. Bd1 Kd6 38. Bf3 Kc7 39. Ke2 Kd6 40. Kf2 Ng8
41. Bd1 Nf6 42. Kf3 Nd5 43. exd5 Kxd5 44. Bxa4 e4+ 45. Ke2 Kc4 46. Bd1 Kc3 47.
Ke1 d3 48. Kf2 Kd4 49. a4 Kc4 50. a5 Kxb5 51. axb6 Kxb6 52. Ke3 Kb5 53. Kxe4
Kxb4 54. Kxd3 Kc5 55. Bb3 f6 56. Ke4 Kd6 57. Kf5 Ke7 58. Kg6 1-0

[Event "Tournoi francophone 016 Groupe D"]
[Site "Skype"]
[Date "????.??.??"]
[Round "8.1"]
[White "Vasquez Cienfuegos, Oscar"]
[Black "Briere, Jean"]
[Result "1-0"]
[WhiteElo "1392"]
[BlackElo "1314"]
[PlyCount "67"]

1. Nf3 d5 2. c4 e6 3. g3 Nf6 4. Bg2 c6 5. cxd5 cxd5 6. O-O Nc6 7. d4 Bd6 8. Nc3
O-O 9. Re1 Bc7 10. Bg5 Ne7 11. Rc1 h6 12. Bd2 Nc6 13. a3 e5 14. dxe5 Nxe5 15.
Nxe5 Bxe5 16. e3 Be6 17. Qf3 Rc8 18. Qe2 Re8 19. Red1 d4 20. exd4 Bxd4 21. Be3
Bc4 22. Qe1 Qb6 23. Rxd4 Qxd4 24. Bxd4 Rxe1+ 25. Rxe1 Rd8 26. Bxa7 b5 27. Bc6
Rd2 28. b4 Nd5 29. Nxb5 Bxb5 30. Bxb5 Nc7 31. Bc6 Rd6 32. b5 Nd5 33. Rd1 Kh7
34. Rxd5 1-0

[Event "Tournoi francophone 016 Groupe D"]
[Site "Skype"]
[Date "????.??.??"]
[Round "8.2"]
[White "Duthoit, Bernard"]
[Black "Bucherie, Volcy"]
[Result "1-0"]
[WhiteElo "1338"]
[BlackElo "1274"]
[PlyCount "81"]

1. e4 d5 2. e5 Bf5 3. d4 e6 4. Bd3 Bxd3 5. Qxd3 c5 6. c3 Nc6 7. Nf3 c4 8. Qd1
Qb6 9. b3 cxb3 10. axb3 Nge7 11. Nbd2 Ng6 12. Nf1 Be7 13. Ng3 O-O 14. Bg5 Rac8
15. Bxe7 Ncxe7 16. Ne2 Nf5 17. O-O Ngh4 18. Nxh4 Nxh4 19. g3 Nf3+ 20. Kg2 Ng5
21. f3 f5 22. h4 Nf7 23. Qc2 g6 24. Ra4 a5 25. Rfa1 Ra8 26. Qa2 Kg7 27. c4 Qc7
28. cxd5 exd5 29. Rc1 Qe7 30. Rxa5 Rae8 31. Rxd5 Nh6 32. Qa5 f4 33. Rc7 Nf5 34.
Rxe7+ Rxe7 35. Nxf4 Ne3+ 36. Kf2 Nxd5 37. Qxd5 Ref7 38. Ne6+ Kh6 39. Nxf8 Rxf8
40. Qxb7 Kh5 41. Qxh7# 1-0

[Event "Tournoi francophone 016 Groupe D"]
[Site "Skype"]
[Date "????.??.??"]
[Round "8.3"]
[White "L'Herbon De Lussats, Jean"]
[Black "Guillaume, Mickael"]
[Result "0-1"]
[WhiteElo "1256"]
[BlackElo "1106"]
[PlyCount "72"]

1. d4 e6 2. c4 Nf6 3. Nf3 c5 4. e3 d5 5. Nbd2 Nc6 6. g3 cxd4 7. cxd5 Qxd5 8.
Bc4 Qc5 9. Nxd4 Nxd4 10. exd4 Qxd4 11. O-O Bc5 12. Qe2 O-O 13. Nf3 Qe4 14. Bd3
Qxe2 15. Bxe2 Rd8 16. Bg5 b6 17. Bxf6 gxf6 18. Rac1 Bb7 19. a3 Rd2 20. Rc2 Rxc2
21. Re1 Rxb2 22. h4 Ba6 23. Bxa6 Bxf2+ 24. Kf1 Bxe1 25. Nxe1 Rd8 26. Nd3 Ra2
27. Bb5 Rxa3 28. Ke2 a6 29. Bxa6 Rxa6 30. Nb4 Ra3 31. Nc6 Rdd3 32. g4 Rac3 33.
Nb4 Rh3 34. Kd2 Ra3 35. h5 Rh2+ 36. Kc1 Ra1# 0-1

[Event "Tournoi francophone 016 Groupe D"]
[Site "Skype"]
[Date "????.??.??"]
[Round "8.4"]
[White "Vello, Pablo"]
[Black "Farfallini, Michel"]
[Result "1-0"]
[WhiteElo "1135"]
[BlackElo "1446"]
[PlyCount "77"]

1. d4 d5 2. Nc3 c6 3. Bf4 Bf5 4. f3 e6 5. g4 Qh4+ 6. Bg3 Qf6 7. gxf5 Nd7 8. e4
exf5 9. exd5 f4 10. Bf2 Bb4 11. Qd3 Ne7 12. O-O-O Bxc3 13. Qxc3 Nxd5 14. Re1+
Ne7 15. Nh3 O-O 16. Re4 Nd5 17. Qd2 Rfe8 18. Bd3 Qh6 19. Nxf4 Rxe4 20. fxe4
Nxf4 21. Bc4 b5 22. Be3 bxc4 23. Bxf4 Qe6 24. Qg2 Nf6 25. e5 Nd5 26. Rg1 g6 27.
Bh6 a5 28. Qe2 Nb4 29. Kb1 a4 30. a3 c3 31. axb4 a3 32. b3 Qe7 33. Qc4 a2+ 34.
Ka1 Qh4 35. Qxc6 Rd8 36. Bg5 Qxd4 37. Bxd8 Qxg1+ 38. Kxa2 Qc1 39. Qxc3 1-0

[Event "Tournoi francophone 016 Groupe D"]
[Site "Skype"]
[Date "????.??.??"]
[Round "8.5"]
[White "Scata, Laura"]
[Black "De Coninck, Philippe"]
[Result "0-1"]
[WhiteElo "1366"]
[BlackElo "1173"]
[PlyCount "82"]

1. d4 e5 2. dxe5 Nc6 3. Nf3 Qe7 4. Qd5 Nb4 5. Qb3 c6 6. a3 Nd5 7. Nc3 Nxc3 8.
Qxc3 d6 9. exd6 Qxd6 10. Qe5+ Qxe5 11. Nxe5 Bd6 12. Nc4 Bc7 13. b3 Nf6 14. Bb2
Ke7 15. O-O-O b5 16. Ne3 Ne4 17. Rd4 Nxf2 18. Rg1 Bxh2 19. g3 Bxg1 20. Bg2 Bd7
21. Nf1 f6 22. e3 Rhe8 23. Rf4 Rad8 24. Bd4 Kf7 25. Bf3 Kg8 26. Bh5 g6 27. Bxf6
gxh5 28. Bxd8 Rxd8 29. Rd4 Ng4 30. Re4 Rf8 31. Nd2 Bxe3 32. Re7 Be8 33. Kd1 Bg6
34. c4 Rf2 35. cxb5 Rxd2+ 36. Ke1 cxb5 37. Rb7 Bd3 38. Rb8+ Kf7 39. Rb7+ Ke6
40. Rc7 Rh2 41. Rc6+ Kd5 0-1

[Event "Tournoi francophone 016 Groupe D"]
[Site "Skype"]
[Date "????.??.??"]
[Round "9.1"]
[White "De Coninck, Philippe"]
[Black "Vasquez Cienfuegos, Oscar"]
[Result "0-1"]
[WhiteElo "1173"]
[BlackElo "1392"]
[PlyCount "100"]

1. e4 c6 2. d4 d5 3. Nc3 dxe4 4. Nxe4 Bf5 5. Ng3 Bg6 6. Nf3 h6 7. Bc4 Nd7 8.
O-O Ngf6 9. Re1 e6 10. Bd3 Bxd3 11. Qxd3 Be7 12. Bf4 Nd5 13. Bd2 b5 14. c4 bxc4
15. Qxc4 Qc7 16. Rac1 Rc8 17. a3 O-O 18. Re4 N7b6 19. Qc2 Nf6 20. Rh4 Nh7 21.
Rh5 Nd7 22. Bxh6 gxh6 23. Rxh6 Ndf6 24. Nh5 Rfe8 25. Nxf6+ Nxf6 26. Re1 Kg7 27.
Rh3 Rh8 28. Rg3+ Kf8 29. Qd2 Bd6 30. Ne5 Ke7 31. Rg7 Bxe5 32. dxe5 Ne8 33. Qg5+
Kf8 34. Re4 Nxg7 35. Rg4 Rg8 36. h4 Qe7 37. h5 Qxg5 38. Rxg5 Ke7 39. h6 Nf5 40.
Rh5 f6 41. h7 Rh8 42. exf6+ Kxf6 43. g4 Kg6 44. f4 Rxh7 45. Rxh7 Kxh7 46. gxf5
exf5 47. Kf2 Kg6 48. Ke3 c5 49. Kd3 Kh5 50. Ke3 Kg4 0-1

[Event "Tournoi francophone 016 Groupe D"]
[Site "Skype"]
[Date "????.??.??"]
[Round "9.2"]
[White "Farfallini, Michel"]
[Black "Scata, Laura"]
[Result "1-0"]
[WhiteElo "1446"]
[BlackElo "1366"]
[PlyCount "25"]

1. e4 c6 2. d4 d5 3. exd5 cxd5 4. Bf4 Qb6 5. Nc3 Qxb2 6. Nxd5 Na6 7. Bxa6 bxa6
8. Nc7+ Kd8 9. Nxa8 Qc3+ 10. Bd2 Qc6 11. Ba5+ Kd7 12. Qf3 Qa4 13. Qd5+ 1-0

[Event "Tournoi francophone 016 Groupe D"]
[Site "Skype"]
[Date "????.??.??"]
[Round "9.3"]
[White "Guillaume, Mickael"]
[Black "Vello, Pablo"]
[Result "1/2-1/2"]
[WhiteElo "1106"]
[BlackElo "1135"]
[PlyCount "107"]

1. e4 e6 2. d4 d5 3. Nc3 Bb4 4. Bd3 c5 5. exd5 cxd4 6. a3 Bxc3+ 7. bxc3 exd5 8.
Qe2+ Ne7 9. cxd4 O-O 10. Nf3 Ng6 11. Bxg6 Re8 12. Bxh7+ Kxh7 13. Ne5 Nc6 14.
Qd3+ Kg8 15. O-O Nxe5 16. dxe5 Rxe5 17. Bf4 Re4 18. Bg3 Be6 19. f3 Rc4 20. Rab1
b6 21. Rb4 Rac8 22. Rxc4 Rxc4 23. Rd1 b5 24. f4 f5 25. Bf2 Qa5 26. Re1 Qc3 27.
Rxe6 Qxd3 28. cxd3 Rc1+ 29. Be1 Kf7 30. Re2 Rd1 31. Kf2 Rxd3 32. Re5 Kg6 33. h4
Rxa3 34. Rxd5 Ra2+ 35. Bd2 b4 36. Ke2 a5 37. Rb5 Kh5 38. Rxf5+ Kxh4 39. Rg5 b3
40. Kd1 Ra1+ 41. Ke2 Ra2 42. Rb5 a4 43. Kd3 Kg3 44. Bc1 Kxg2 45. Rg5+ Kf3 46.
Rxg7 b2 47. Bxb2 Rxb2 48. f5 Kf4 49. f6 Ke5 50. f7 Rf2 51. Kc3 a3 52. Rg5+ Ke6
53. Ra5 a2 54. f8=Q 1/2-1/2

[Event "Tournoi francophone 016 Groupe D"]
[Site "Skype"]
[Date "????.??.??"]
[Round "9.4"]
[White "Bucherie, Volcy"]
[Black "L'Herbon De Lussats, Jean"]
[Result "0-1"]
[WhiteElo "1274"]
[BlackElo "1256"]
[PlyCount "66"]

1. Nf3 Nf6 2. d4 d5 3. c4 c6 4. c5 b6 5. b4 Bb7 6. Bb2 Nbd7 7. Nbd2 g6 8. Ne5
Bg7 9. e3 O-O 10. Be2 e6 11. O-O Nxe5 12. dxe5 Nd7 13. a4 bxc5 14. bxc5 Nxc5
15. a5 a6 16. Qc2 Nd7 17. Nf3 f6 18. Ba3 Rf7 19. Bd6 Nxe5 20. Nxe5 fxe5 21. Qc5
e4 22. Rab1 Bf8 23. Bg4 Bxd6 24. Qd4 e5 25. Qc3 Qe7 26. Rb2 c5 27. Rfb1 Rb8 28.
Qb3 c4 29. Qxb7 Rxb7 30. Rxb7 Qxb7 31. Rxb7 Rxb7 32. Be6+ Kg7 33. Bxd5 Rb1# 0-1

[Event "Tournoi francophone 016 Groupe D"]
[Site "Skype"]
[Date "????.??.??"]
[Round "9.5"]
[White "Briere, Jean"]
[Black "Duthoit, Bernard"]
[Result "0-1"]
[WhiteElo "1314"]
[BlackElo "1338"]
[PlyCount "86"]

1. e4 e6 2. d4 d5 3. e5 c5 4. Nf3 Nc6 5. c3 cxd4 6. cxd4 Bb4+ 7. Bd2 Qb6 8.
Bxb4 Qxb4+ 9. Qd2 Nge7 10. Qxb4 Nxb4 11. Na3 a6 12. Be2 b5 13. O-O Nbc6 14.
Rac1 Bd7 15. Rfd1 O-O 16. Nc2 Rfc8 17. Bd3 h6 18. b4 Rab8 19. a3 a5 20. bxa5
Nxa5 21. Nb4 Rxc1 22. Rxc1 Nec6 23. Na6 Rb7 24. Nc5 Ra7 25. Nxd7 Rxd7 26. Bxb5
Rb7 27. a4 Na7 28. Rb1 Nxb5 29. Rxb5 Rxb5 30. axb5 Kf8 31. Ne1 Ke8 32. Nd3 Kd7
33. Nc5+ Kc7 34. f4 Kb6 35. Kf2 Kxb5 36. Ke3 Kc4 37. g4 Nc6 38. Nd7 Nxd4 39. h4
Nc2+ 40. Kd2 Nb4 41. f5 Nc6 42. g5 hxg5 43. hxg5 Kd4 0-1